Feedback amplifiers and oscillators / (Record no. 182972)

000 -LEADER
fixed length control field 00868 a2200169 4500
003 - CONTROL NUMBER IDENTIFIER
control field Nust
005 - DATE AND TIME OF LATEST TRANSACTION
control field 20221205112819.0
040 ## - CATALOGING SOURCE
Transcribing agency Nust
082 ## - DEWEY DECIMAL CLASSIFICATION NUMBER
Classification number 621.381535,SEN
100 ## - MAIN ENTRY--PERSONAL NAME
Personal name : Sentz, Robert E.
9 (RLIN) 104096
245 ## - TITLE STATEMENT
Title Feedback amplifiers and oscillators /
Statement of responsibility, etc. Robert E. Sentz & Robert A. Bartkowiak
260 ## - PUBLICATION, DISTRIBUTION, ETC.
Place of publication, distribution, etc. New York,
Name of publisher, distributor, etc. Holt, Rinehart and Winston [
Date of publication, distribution, etc. 1968]
300 ## - PHYSICAL DESCRIPTION
Extent xi, 218 p. illus
Other physical details . 23 cm.
505 ## - FORMATTED CONTENTS NOTE
Formatted contents note Fundamental Types of Feedback (Page-1), Single-Stage Feedback Amplifiers (Page-19), Stability, Phase Shift and Frequency Response (Page-64), The Simple Oscillatory Circuit and Four-Terminal LC Oscillators (Page-108), Crystal Oscillators (Page-135), Negative Resistance Oscillators (Page-148), RC Phase-Shift Oscillators (Page-161), UHF and Microwave Oscillators (Page-176).
650 ## - SUBJECT ADDED ENTRY--TOPICAL TERM
Topical term or geographic name entry element Telecommunications Engineering.
9 (RLIN) 58485
942 ## - ADDED ENTRY ELEMENTS (KOHA)
Source of classification or shelving scheme
Koha item type Book
Holdings
Withdrawn status Lost status Source of classification or shelving scheme Damaged status Not for loan Permanent Location Current Location Shelving location Date acquired Full call number Barcode Date last seen Price effective from Koha item type Public note
          Military College of Signals (MCS) Military College of Signals (MCS) General Stacks 12/12/2016 621.381535,SEN MCS6546 12/08/2016 12/12/2016 Book Almirah No.34, Shelf No.4
© 2023 Central Library, National University of Sciences and Technology. All Rights Reserved.